| 000 | 01516cam a22003737a 4500 | ||
|---|---|---|---|
| 003 | CHAP | ||
| 005 | 20220329140743.0 | ||
| 008 | 971013s1952 r 00010 d | ||
| 010 | _a57116 | ||
| 011 | _a58088 | ||
| 035 | _a62243 | ||
| 040 | _cCHAP | ||
| 082 |
_a551.591 _bS24 |
||
| 100 | 0 | 0 |
_aSchwerdtfeger, Werner. _9103304 |
| 245 | 1 | 3 | _aEl problema de la previsión del tiempo |
| 260 |
_aBuenos Aires : _bLibrería del Colegio, _c1952 |
||
| 300 |
_a145 p. _b: ilus. |
||
| 590 |
_aBATCH-UPD _b10 _c20130110 _lUCH01 _h2301 |
||
| 590 |
_aBATCH-UPD _b10 _c20130410 _lUCH01 _h1554 |
||
| 590 |
_aBATCH-UPD _b10 _c20130914 _lUCH01 _h1936 |
||
| 590 |
_aCONVERSION _b10 _c20130109 _lUCH01 _h1331 |
||
| 650 | 1 | 4 |
_aPrevisión del tiempo. _991560 |
| 901 | _aBK | ||
| 942 | _cLIBRO | ||
| 949 |
_a551.591 S24 _bBC _cLIBRO _d33724000461364 _eLIBRO _fc.5 _h11447 _i62243 _si |
||
| 949 |
_a551.591 S24 _bBC _cLIBRO _d33724000461372 _eLIBRO _fc.10 _h11452 _i62243 _si |
||
| 949 |
_a551.591 S24 _bBC _cLIBRO _d33724000461380 _eLIBRO _fc.4 _h11446 _i62243 _si |
||
| 949 |
_a551.591 S24 _bBC _cLIBRO _d33724000461398 _eLIBRO _fc.3 _h11445 _i62243 _si |
||
| 949 |
_a551.591 S24 _bBC _cLIBRO _d33724000461406 _eLIBRO _fc.2 _i62243 _si |
||
| 949 |
_a551.591 S24 _bBC _cLIBRO _d33724000461414 _eLIBRO _fc.7 _h11449 _i62243 _si |
||
| 949 |
_a551.591 S24 _bBC _cLIBRO _d33724000461422 _eLIBRO _fc.6 _h11448 _i62243 _si |
||
| 949 |
_a551.591 S24 _bBC _cLIBRO _d33724000461430 _eLIBRO _fc.9 _h11451 _i62243 _si |
||
| 949 |
_a551.591 S24 _bBC _cLIBRO _d33724000461455 _eLIBRO _fc.8 _h11450 _i62243 _si |
||
| 999 |
_c57116 _d57116 |
||